000 00432nam a2200181Ia 4500
001 396
005 20260306140514.0
008 260306t2013||||xx |||||||||||||| ||spa||
041 _aESP
082 _a110
_bI69
100 _aIrizar, Liliana Beatriz
_eAUT
245 0 _aNociones fundamentales de metafísica aristotélico-tomista
260 _c2013
300 _a
_c
650 _aGEN
654 _aCHU
942 _cLIB
_dJUS
_fJUS
_2ddc
_n
999 _c396
_d396